| 000 | 00705nam a22002057a 4500 | ||
|---|---|---|---|
| 999 |
_c16775 _d16775 |
||
| 003 | AR-CdUCM | ||
| 008 | 190506b ||||| |||| 00| 0 spa d | ||
| 040 |
_aMUNICIPALIDAD PROVINCIAL DEL CUSCO _cBIBLIOTECA MUNICIPAL DEL CUSCO |
||
| 082 |
_a465.8 / _bL33 |
||
| 100 |
_aLazzati, Santiago _936429 |
||
| 245 | _aProntuario completo de la conjugación castellana / | ||
| 260 |
_aBuenos Aires : _bDon Bosco, _c1952. |
||
| 300 |
_a422 paginas ; _c17 cm. |
||
| 505 | _aConcepto :Verbos regulares -- Verbos irregulares --Verbos defectivos --Verbos impersonales ... | ||
| 650 |
_aVerbo _916661 |
||
| 650 |
_aClases _927799 |
||
| 650 |
_aConjugacion _936430 |
||
| 942 |
_2ddc _cLIBROS |
||
| 945 |
_arjall _d2019-05-06 |
||